[Event "PK Jeugd 2020 C-Open"]
[Site "Eindhoven, Netherlands"]
[Date "2020.02.08"]
[Round "4.1"]
[White "Prevoo, Joshua"]
[Black "van Warmerdam, Valentijn"]
[Result "0-1"]
[WhiteElo "1233"]
[BlackElo "1693"]

1. e4 {[%clk 00:55:17]} e5 {[%clk 00:55:17]} {[%emt 00:00:06]} 2. Nf3 {[%clk
00:55:24]} {[%emt 00:00:03]} Nc6 {[%clk 00:55:24]} {[%emt 00:00:04]} 3. d4
{[%clk 00:55:25]} {[%emt 00:00:09]} exd4 {[%clk 00:55:32]} {[%emt 00:00:02]} 4.
Nxd4 {[%clk 00:55:29]} {[%emt 00:00:06]} Bc5 {[%clk 00:55:39]} {[%emt
00:00:04]} 5. Be3 {[%clk 00:55:28]} {[%emt 00:00:10]} Qf6 {[%clk 00:55:44]}
{[%emt 00:00:05]} 6. c3 {[%clk 00:54:22]} {[%emt 00:01:16]} Nge7 {[%clk
00:55:48]} {[%emt 00:00:06]} 7. Qd3 {[%clk 00:52:00]} {[%emt 00:02:32]} Ne5
{[%clk 00:49:01]} {[%emt 00:06:57]} 8. Qd2 {[%clk 00:48:08]} {[%emt 00:04:01]}
O-O {[%clk 00:32:18]} {[%emt 00:16:54]} 9. Na3 {[%clk 00:44:59]} {[%emt
00:03:19]} Bxa3 {[%clk 00:30:27]} {[%emt 00:02:02]} 10. bxa3 {[%clk 00:44:38]}
{[%emt 00:00:30]} Re8 {[%clk 00:19:17]} {[%emt 00:11:20]} 11. Bd3 {[%clk
00:43:48]} {[%emt 00:00:59]} Nxd3+ {[%clk 00:18:00]} {[%emt 00:01:28]} 12. Qxd3
{[%clk 00:43:43]} {[%emt 00:00:15]} Qd6 {[%clk 00:16:00]} {[%emt 00:02:09]} 13.
Qd2 {[%clk 00:41:03]} {[%emt 00:02:50]} c6 {[%clk 00:11:41]} {[%emt 00:04:31]}
14. O-O {[%clk 00:39:24]} {[%emt 00:01:48]} Qxa3 {[%clk 00:10:13]} {[%emt
00:01:39]} 15. Nc2 {[%clk 00:38:46]} {[%emt 00:00:47]} Qa5 {[%clk 00:09:16]}
{[%emt 00:01:08]} 16. Rfb1 {[%clk 00:37:52]} {[%emt 00:01:03]} d5 {[%clk
00:07:37]} {[%emt 00:01:50]} 17. Bg5 {[%clk 00:37:26]} {[%emt 00:00:34]} dxe4
{[%clk 00:07:23]} {[%emt 00:00:26]} 18. Bxe7 {[%clk 00:37:31]} {[%emt
00:00:05]} Rxe7 {[%clk 00:07:32]} {[%emt 00:00:01]} 19. Rd1 {[%clk 00:36:40]}
{[%emt 00:01:00]} Be6 {[%clk 00:06:25]} {[%emt 00:01:17]} 20. h3 {[%clk
00:36:04]} {[%emt 00:00:47]} Rd7 {[%clk 00:04:39]} {[%emt 00:01:56]} 21. Qe3
{[%clk 00:34:50]} {[%emt 00:01:22]} Rad8 {[%clk 00:04:09]} {[%emt 00:00:42]} 22.
Rd4 {[%clk 00:33:12]} {[%emt 00:01:47]} Rxd4 {[%clk 00:03:35]} {[%emt
00:00:45]} 23. Nxd4 {[%clk 00:33:05]} {[%emt 00:00:16]} Qe5 {[%clk 00:00:36]}
{[%emt 00:03:09]} 24. Nxe6 {[%clk 00:31:40]} {[%emt 00:01:36]} Qxe6 {[%clk
00:00:18]} {[%emt 00:00:28]} 25. Qxa7 {[%clk 00:31:40]} {[%emt 00:00:09]} b5
{[%clk 00:00:14]} {[%emt 00:00:16]} 26. Qb6 {[%clk 00:31:20]} {[%emt 00:00:30]}
Rc8 {[%clk 00:00:22]} {[%emt 00:00:01]} 27. Rd1 {[%clk 00:31:13]} {[%emt
00:00:16]} g6 {[%clk 00:00:24]} {[%emt 00:00:08]} 28. Qa5 {[%clk 00:29:41]}
{[%emt 00:01:43]} Kg7 {[%clk 00:00:18]} {[%emt 00:00:16]} 29. Qa6 {[%clk
00:29:27]} {[%emt 00:00:23]} e3 {[%clk 00:00:24]} {[%emt 00:00:05]} 30. fxe3
{[%clk 00:29:10]} {[%emt 00:00:27]} Qxe3+ {[%clk 00:00:33]} 31. Kh2 {[%clk
00:28:15]} {[%emt 00:01:05]} Qe5+ {[%emt 00:00:02]} 32. Kh1 {[%clk 00:26:58]}
{[%emt 00:01:25]} Qc7 {[%clk 00:00:49]} {[%emt 00:00:04]} 33. Qa3 {[%clk
00:25:41]} {[%emt 00:01:27]} Rd8 {[%clk 00:00:34]} {[%emt 00:00:25]} 34. Rxd8
{[%clk 00:23:13]} {[%emt 00:02:38]} Qxd8 {[%clk 00:00:44]} 35. Qb2 {[%clk
00:23:10]} {[%emt 00:00:13]} Qf6 {[%clk 00:00:47]} {[%emt 00:00:07]} 36. Qb4
{[%clk 00:21:53]} {[%emt 00:01:26]} Qe6 {[%clk 00:00:42]} {[%emt 00:00:15]} 37.
a3 {[%clk 00:21:25]} {[%emt 00:00:38]} Qe1+ {[%clk 00:00:44]} {[%emt 00:00:08]}
38. Kh2 {[%clk 00:21:09]} {[%emt 00:00:24]} Qe5+ {[%clk 00:00:54]} 39. Kh1
{[%clk 00:19:57]} {[%emt 00:01:24]} Qd5 {[%clk 00:01:01]} {[%emt 00:00:04]} 40.
Kh2 {[%clk 00:19:19]} {[%emt 00:00:48]} Kg8 {[%clk 00:01:01]} {[%emt 00:00:10]}
41. Qa5 {[%clk 00:19:16]} {[%emt 00:00:13]} Qd6+ {[%clk 00:01:01]} {[%emt
00:00:09]} 42. Kh1 {[%clk 00:18:49]} {[%emt 00:00:38]} Qd1+ {[%clk 00:00:59]}
{[%emt 00:00:11]} 43. Kh2 {[%clk 00:18:40]} {[%emt 00:00:19]} Qa4 {[%clk
00:01:08]} {[%emt 00:00:02]} 44. Qd8+ {[%clk 00:18:41]} {[%emt 00:00:08]} Kg7
{[%clk 00:01:18]} {[%emt 00:00:01]} 45. Qd6 {[%clk 00:18:17]} {[%emt 00:00:30]}
Qa8 {[%clk 00:00:48]} {[%emt 00:00:44]} 46. Qd4+ {[%clk 00:16:30]} {[%emt
00:01:57]} Kg8 {[%clk 00:00:53]} {[%emt 00:00:05]} 47. Qc5 {[%clk 00:16:01]}
{[%emt 00:00:39]} Qe8 {[%clk 00:01:01]} {[%emt 00:00:02]} 48. Qb4 {[%clk
00:14:42]} {[%emt 00:01:27]} f6 {[%clk 00:00:49]} {[%emt 00:00:24]} 49. Qa5
{[%clk 00:14:20]} {[%emt 00:00:31]} Qb8+ {[%clk 00:00:31]} {[%emt 00:00:29]} 50.
Kh1 {[%clk 00:14:08]} {[%emt 00:00:21]} Kf7 {[%clk 00:00:22]} {[%emt 00:00:20]}
51. Qb4 {[%clk 00:13:43]} {[%emt 00:00:33]} Qc8 {[%clk 00:00:26]} {[%emt
00:00:08]} 52. Qa5 {[%clk 00:13:39]} {[%emt 00:00:14]} Qd7 {[%clk 00:00:23]}
{[%emt 00:00:13]} 53. Qb4 {[%clk 00:13:28]} {[%emt 00:00:21]} Qe7 {[%clk
00:00:17]} {[%emt 00:00:16]} 54. Qb3+ {[%clk 00:12:44]} {[%emt 00:00:53]} Qe6
{[%clk 00:00:26]} {[%emt 00:00:02]} 55. Qb4 {[%clk 00:12:22]} {[%emt 00:00:32]}
Qe1+ {[%clk 00:00:28]} {[%emt 00:00:08]} 56. Kh2 {[%clk 00:12:14]} {[%emt
00:00:18]} Qe5+ {[%clk 00:00:37]} {[%emt 00:00:01]} 57. Kh1 {[%clk 00:12:12]}
{[%emt 00:00:11]} Ke6 {[%clk 00:00:29]} {[%emt 00:00:19]} 58. Qa5 {[%clk
00:11:33]} {[%emt 00:00:48]} Kd7 {[%clk 00:00:25]} {[%emt 00:00:15]} 59. Qa7+
{[%clk 00:11:13]} {[%emt 00:00:29]} Qc7 {[%clk 00:00:34]} {[%emt 00:00:02]} 60.
Qd4+ {[%clk 00:11:07]} {[%emt 00:00:16]} Ke6 {[%clk 00:00:39]} {[%emt
00:00:05]} 61. Qb4 {[%clk 00:09:54]} {[%emt 00:01:22]} Qe5 {[%clk 00:00:35]}
{[%emt 00:00:15]} 62. Qa5 {[%clk 00:08:25]} {[%emt 00:01:39]} Qe1+ {[%clk
00:00:29]} {[%emt 00:00:16]} 63. Kh2 {[%clk 00:08:01]} {[%emt 00:00:34]} Qe5+
{[%clk 00:00:38]} {[%emt 00:00:01]} 64. Kh1 {[%clk 00:08:06]} {[%emt 00:00:05]}
Kd5 {[%clk 00:00:19]} {[%emt 00:00:29]} 65. a4 {[%clk 00:06:33]} {[%emt
00:01:43]} Qe1+ {[%clk 00:00:23]} {[%emt 00:00:06]} 66. Kh2 {[%clk 00:06:34]}
{[%emt 00:00:09]} Qe5+ {[%clk 00:00:32]} {[%emt 00:00:01]} 67. Kh1 {[%clk
00:06:27]} {[%emt 00:00:17]} Kc5 {[%clk 00:00:21]} {[%emt 00:00:21]} 68. Qb4+
{[%clk 00:05:58]} {[%emt 00:00:39]} Kb6 {[%clk 00:00:30]} 69. a5+ {[%clk
00:05:41]} {[%emt 00:00:27]} Ka6 {[%clk 00:00:36]} {[%emt 00:00:04]} 70. Qa3
{[%clk 00:04:12]} {[%emt 00:01:39]} Qc7 {[%clk 00:00:28]} {[%emt 00:00:17]} 71.
Qf8 {[%clk 00:04:05]} {[%emt 00:00:17]} Kxa5 {[%clk 00:00:24]} {[%emt
00:00:15]} 72. Qa8+ {[%clk 00:03:53]} {[%emt 00:00:22]} Kb6 {[%clk 00:00:33]}
{[%emt 00:00:01]} 73. Qa3 {[%clk 00:03:46]} {[%emt 00:00:17]} Qd8 {[%clk
00:00:33]} {[%emt 00:00:10]} 74. Qb3 {[%clk 00:03:41]} {[%emt 00:00:15]} Qe7
{[%clk 00:00:26]} {[%emt 00:00:18]} 75. Qb2 {[%clk 00:03:07]} {[%emt 00:00:43]}
Qe1+ {[%clk 00:00:31]} {[%emt 00:00:05]} 76. Kh2 {[%clk 00:03:16]} {[%emt
00:00:01]} Qe5+ {[%clk 00:00:41]} 77. Kh1 {[%clk 00:03:24]} {[%emt 00:00:03]}
f5 {[%clk 00:00:40]} {[%emt 00:00:10]} 78. Qb4 {[%clk 00:03:12]} {[%emt
00:00:22]} Qe1+ {[%clk 00:00:40]} {[%emt 00:00:10]} 79. Kh2 {[%clk 00:03:21]}
Qe5+ {[%clk 00:00:49]} {[%emt 00:00:01]} 80. Kh1 {[%clk 00:03:30]} {[%emt
00:00:01]} c5 {[%clk 00:00:53]} {[%emt 00:00:06]} 81. Qb3 {[%clk 00:03:29]}
{[%emt 00:00:10]} c4 {[%clk 00:00:19]} {[%emt 00:00:45]} 82. Qb4 {[%clk
00:03:35]} {[%emt 00:00:05]} Qc5 {[%clk 00:00:27]} {[%emt 00:00:02]} 83. Qb2
{[%clk 00:03:39]} {[%emt 00:00:06]} Qd6 {[%clk 00:00:32]} {[%emt 00:00:04]} 84.
Qf2+ {[%clk 00:03:11]} {[%emt 00:00:38]} Qc5 {[%clk 00:00:33]} {[%emt
00:00:10]} 85. Qb2 {[%clk 00:03:20]} Qd5 {[%clk 00:00:33]} {[%emt 00:00:10]} 86.
Qf2+ {[%clk 00:03:26]} {[%emt 00:00:04]} Kc6 {[%clk 00:00:40]} {[%emt
00:00:04]} 87. Qb2 {[%clk 00:03:29]} {[%emt 00:00:07]} Qd1+ {[%clk 00:00:41]}
{[%emt 00:00:08]} 88. Kh2 {[%clk 00:03:38]} Qd3 {[%clk 00:00:31]} {[%emt
00:00:20]} 89. Qb4 {[%clk 00:03:45]} {[%emt 00:00:04]} Qd6+ {[%clk 00:00:39]}
{[%emt 00:00:02]} 90. Qxd6+ {[%clk 00:03:53]} {[%emt 00:00:02]} Kxd6 {[%clk
00:00:48]} 0-1

[Event "PK Jeugd 2020 C-Open"]
[Site "Eindhoven, Netherlands"]
[Date "2020.02.08"]
[Round "4.2"]
[White "Kurt, Sascha"]
[Black "Zhang, Eric"]
[Result "1-0"]
[WhiteElo "948"]
[BlackElo "587"]

1. e4 {[%clk 00:55:17]} {[%emt 00:00:02]} e5 {[%clk 00:55:11]} {[%emt
00:00:09]} 2. d4 {[%clk 00:55:26]} {[%emt 00:00:02]} f6 {[%clk 00:55:13]}
{[%emt 00:00:08]} 3. dxe5 {[%clk 00:55:33]} {[%emt 00:00:02]} fxe5 {[%clk
00:55:09]} {[%emt 00:00:15]} 4. Qh5+ {[%clk 00:55:42]} {[%emt 00:00:01]} Ke7
{[%clk 00:54:15]} {[%emt 00:01:04]} 5. Bc4 {[%clk 00:55:36]} {[%emt 00:00:16]}
Qe8 {[%clk 00:53:45]} {[%emt 00:00:40]} 6. Qxe5+ {[%clk 00:55:31]} {[%emt
00:00:15]} Kd8 {[%clk 00:53:38]} {[%emt 00:00:16]} 7. Bg5+ {[%clk 00:55:19]}
{[%emt 00:00:23]} Be7 {[%clk 00:53:21]} {[%emt 00:00:27]} 8. Qxg7 {[%clk
00:54:29]} {[%emt 00:01:00]} Nf6 {[%clk 00:53:05]} {[%emt 00:00:27]} 9. Bxf6
{[%clk 00:54:10]} {[%emt 00:00:29]} Bxf6 {[%clk 00:53:06]} {[%emt 00:00:08]} 10.
Qxf6+ {[%clk 00:54:13]} {[%emt 00:00:08]} Qe7 {[%clk 00:53:08]} {[%emt
00:00:08]} 11. Qxh8+ {[%clk 00:54:13]} {[%emt 00:00:09]} Qe8 {[%clk 00:53:03]}
{[%emt 00:00:15]} 12. Qxe8+ {[%clk 00:54:08]} {[%emt 00:00:15]} Kxe8 {[%clk
00:53:02]} {[%emt 00:00:11]} 13. Nc3 {[%clk 00:54:10]} {[%emt 00:00:08]} Nc6
{[%clk 00:53:02]} {[%emt 00:00:10]} 14. Nf3 {[%clk 00:54:12]} {[%emt 00:00:08]}
Nb4 {[%clk 00:52:03]} {[%emt 00:01:10]} 15. O-O-O {[%clk 00:54:08]} {[%emt
00:00:13]} d6 {[%clk 00:47:12]} {[%emt 00:05:01]} 16. Nd5 {[%clk 00:53:56]}
{[%emt 00:00:21]} Kd8 {[%clk 00:46:01]} {[%emt 00:01:22]} 17. Nxb4 {[%clk
00:53:20]} {[%emt 00:00:46]} Bd7 {[%clk 00:37:49]} {[%emt 00:08:21]} 18. e5
{[%clk 00:53:13]} {[%emt 00:00:18]} c5 {[%clk 00:34:28]} {[%emt 00:03:31]} 19.
Rxd6 {[%clk 00:53:01]} {[%emt 00:00:22]} cxb4 {[%clk 00:32:50]} {[%emt
00:01:48]} 20. Rhd1 {[%clk 00:52:34]} {[%emt 00:00:37]} Ke8 {[%clk 00:28:14]}
{[%emt 00:04:46]} 21. Rxd7 {[%clk 00:52:32]} {[%emt 00:00:12]} Rc8 {[%clk
00:19:00]} {[%emt 00:09:22]} 22. Bf7+ {[%clk 00:52:03]} {[%emt 00:00:40]} Kf8
{[%clk 00:18:31]} {[%emt 00:00:40]} 23. Ng5 {[%clk 00:52:09]} {[%emt 00:00:03]}
a5 {[%clk 00:17:40]} {[%emt 00:01:03]} 24. Ne6# {[%clk 00:52:09]} {[%emt
00:00:09]} 1-0

[Event "PK Jeugd 2020 C-Open"]
[Site "Eindhoven, Netherlands"]
[Date "2020.02.08"]
[Round "4.3"]
[White "Thijssen, Freek"]
[Black "Kazarjan, Gachatur"]
[Result "0-1"]
[WhiteElo "784"]
[BlackElo "1600"]

1. e4 {[%clk 00:55:19]} c5 {[%clk 00:55:16]} {[%emt 00:00:04]} 2. Nf3 {[%clk
00:55:23]} {[%emt 00:00:07]} Nc6 {[%clk 00:55:16]} {[%emt 00:00:10]} 3. Nc3
{[%clk 00:55:23]} {[%emt 00:00:10]} d6 {[%clk 00:55:21]} {[%emt 00:00:04]} 4.
Bc4 {[%clk 00:55:21]} {[%emt 00:00:12]} g6 {[%clk 00:55:19]} {[%emt 00:00:13]}
5. d3 {[%clk 00:55:21]} {[%emt 00:00:10]} Bg7 {[%clk 00:55:24]} {[%emt
00:00:05]} 6. O-O {[%clk 00:55:06]} {[%emt 00:00:24]} Nf6 {[%clk 00:55:30]}
{[%emt 00:00:04]} 7. h3 {[%clk 00:55:04]} {[%emt 00:00:13]} O-O {[%clk
00:55:26]} {[%emt 00:00:14]} 8. Re1 {[%clk 00:54:59]} {[%emt 00:00:14]} e5
{[%clk 00:54:57]} {[%emt 00:00:40]} 9. Bg5 {[%clk 00:54:54]} {[%emt 00:00:15]}
Kh8 {[%clk 00:54:28]} {[%emt 00:00:38]} 10. Nd5 {[%emt 00:00:18]} a6 {[%clk
00:53:39]} {[%emt 00:00:58]} 11. a4 {[%clk 00:54:49]} {[%emt 00:00:09]} Rb8
{[%clk 00:53:39]} {[%emt 00:00:10]} 12. a5 {[%clk 00:54:36]} {[%emt 00:00:23]}
Be6 {[%clk 00:52:14]} {[%emt 00:01:32]} 13. Nb6 {[%clk 00:54:30]} {[%emt
00:00:19]} Bxc4 {[%clk 00:51:44]} {[%emt 00:00:40]} 14. Nxc4 {[%clk 00:54:25]}
{[%emt 00:00:14]} Qd7 {[%clk 00:51:43]} {[%emt 00:00:11]} 15. Nb6 {[%clk
00:54:21]} {[%emt 00:00:15]} Qe6 {[%clk 00:51:35]} {[%emt 00:00:19]} 16. Qc1
{[%clk 00:53:59]} {[%emt 00:00:31]} Nh5 {[%clk 00:51:14]} {[%emt 00:00:30]} 17.
Bh6 {[%clk 00:53:43]} {[%emt 00:00:27]} f5 {[%clk 00:51:11]} {[%emt 00:00:13]}
18. Ng5 {[%clk 00:53:14]} {[%emt 00:00:39]} Qe8 {[%clk 00:49:35]} {[%emt
00:01:46]} 19. Bxg7+ {[%clk 00:52:48]} {[%emt 00:00:36]} Kxg7 {[%clk 00:49:34]}
{[%emt 00:00:11]} 20. Qd2 {[%clk 00:50:05]} {[%emt 00:02:52]} Nd4 {[%clk
00:48:31]} {[%emt 00:01:13]} 21. Ra3 {[%clk 00:48:45]} {[%emt 00:01:30]} Nf4
{[%clk 00:48:13]} {[%emt 00:00:28]} 22. c3 {[%clk 00:48:04]} {[%emt 00:00:51]}
Qe7 {[%clk 00:47:26]} {[%emt 00:00:57]} 23. cxd4 {[%clk 00:47:02]} {[%emt
00:01:12]} Qxg5 {[%clk 00:47:25]} {[%emt 00:00:11]} 24. f3 {[%clk 00:45:09]}
{[%emt 00:02:03]} Nxh3+ {[%clk 00:47:33]} {[%emt 00:00:02]} 25. Kh2 {[%clk
00:45:01]} {[%emt 00:00:16]} Qxd2 {[%clk 00:47:39]} {[%emt 00:00:07]} 0-1

[Event "PK Jeugd 2020 C-Open"]
[Site "Eindhoven, Netherlands"]
[Date "2020.02.08"]
[Round "4.4"]
[White "Bötticher, Donald"]
[Black "Ponomarev, Ivan"]
[Result "0-1"]
[WhiteElo "1076"]
[BlackElo "1617"]

1. e4 {[%emt 01:08:10]} c5 {[%emt 00:00:02]} 2. b4 {[%emt 00:00:05]} cxb4
{[%emt 00:00:48]} 3. a3 {[%emt 00:00:05]} bxa3 {[%emt 00:02:56]} 4. Bxa3 {[%emt
00:00:08]} d6 {[%emt 00:07:48]} 5. Nf3 {[%emt 00:03:29]} e6 {[%emt 00:09:30]} 6.
d4 {[%emt 00:01:04]} Be7 {[%emt 00:03:43]} 7. Bc4 {[%emt 00:02:02]} Nf6 {[%emt
00:04:25]} 8. Nbd2 {[%emt 00:03:48]} O-O {[%emt 00:02:51]} 9. h4 {[%emt
00:05:43]} d5 {[%emt 00:09:02]} 10. e5 {[%emt 00:02:06]} Nfd7 {[%emt 00:02:25]}
11. Bd3 {[%emt 00:00:17]} Bxa3 {[%emt 00:00:35]} 12. Rxa3 {[%emt 00:00:06]} Qe7
{[%emt 00:00:23]} 13. Ra1 {[%emt 00:00:16]} f6 {[%emt 00:01:40]} 14. h5 {[%emt
00:00:49]} h6 {[%emt 00:03:00]} 15. Nh4 {[%emt 00:01:34]} Qb4 {[%emt 00:01:13]}
16. Ng6 {[%emt 00:04:00]} Rf7 {[%emt 00:03:01]} 17. Rh4 {[%emt 00:00:57]} fxe5
{[%emt 00:02:19]} 18. dxe5 {[%emt 00:00:11]} Qb6 {[%emt 00:00:55]} 19. Qe2
{[%emt 00:01:11]} Nc6 {[%emt 00:00:06]} 20. Rb1 {[%emt 00:00:15]} Qc7 {[%emt
00:00:26]} 21. f4 {[%emt 00:00:55]} a5 {[%emt 00:00:40]} 22. Ra1 {[%emt
00:01:20]} a4 {[%emt 00:00:37]} 23. Nb1 {[%emt 00:00:23]} Qa5+ {[%emt
00:00:18]} 24. Kf1 {[%emt 00:00:11]} Qb6 {[%emt 00:00:21]} 25. Bb5 {[%emt
00:00:19]} Nd4 {[%emt 00:00:13]} 26. Qd3 {[%emt 00:01:14]} Qxb5 {[%emt
00:00:08]} 27. Qxb5 {[%emt 00:00:12]} Nxb5 {[%emt 00:00:02]} 28. Rh3 {[%emt
00:00:08]} Nf8 {[%emt 00:00:14]} 29. Rf3 {[%emt 00:00:50]} Nxg6 {[%emt
00:00:02]} 30. hxg6 {[%emt 00:00:13]} Rc7 {[%emt 00:00:02]} 31. c3 {[%emt
00:00:16]} a3 {[%emt 00:00:23]} 32. c4 {[%emt 00:02:40]} Rxc4 {[%emt 00:00:03]}
33. Nxa3 {[%emt 00:00:09]} Rca4 {[%emt 00:00:14]} 34. Rb3 {[%emt 00:01:45]}
Nxa3 {[%emt 00:00:14]} 35. Rc3 {[%emt 00:00:15]} Nc4 {[%emt 00:00:05]} 36. Re1
{[%emt 00:00:37]} Ra1 {[%emt 00:00:07]} 37. Ke2 {[%emt 00:02:28]} R8a2+ {[%emt
00:00:10]} 38. Kf1 {[%emt 00:01:46]} Rxe1+ {[%emt 00:00:04]} 39. Kxe1 {[%emt
00:00:04]} b5 {[%emt 00:00:03]} 40. Kd1 {[%emt 00:00:08]} Rb2 {[%emt 00:00:32]}
41. g3 {[%emt 00:01:00]} b4 {[%emt 00:00:11]} 42. Rc1 {[%emt 00:00:05]} b3
{[%emt 00:00:11]} 43. Rc3 {[%emt 00:00:03]} Bd7 {[%emt 00:00:16]} 44. Kc1
{[%emt 00:00:21]} Ba4 {[%emt 00:00:09]} 45. Kd1 {[%emt 00:00:45]} Rd2+ {[%emt
00:00:07]} 46. Ke1 {[%emt 00:00:06]} b2 {[%emt 00:00:06]} 47. f5 {[%emt
00:00:05]} b1=Q+ {[%emt 00:00:05]} 0-1

[Event "PK Jeugd 2020 C-Open"]
[Site "Eindhoven, Netherlands"]
[Date "????.??.??"]
[Round "5.1"]
[White "Ponomarev, Ivan"]
[Black "Prevoo, Joshua"]
[Result "1-0"]
[WhiteElo "1617"]
[BlackElo "1233"]

1. e4 {[%clk 00:55:19]} d5 {[%clk 00:55:17]} {[%emt 00:00:04]} 2. exd5 {[%clk
00:55:25]} {[%emt 00:00:04]} Nf6 {[%clk 00:55:22]} {[%emt 00:00:04]} 3. c4
{[%clk 00:54:32]} {[%emt 00:01:03]} c6 {[%clk 00:55:14]} {[%emt 00:00:19]} 4.
dxc6 {[%clk 00:52:34]} {[%emt 00:02:08]} Nxc6 {[%clk 00:55:19]} {[%emt
00:00:04]} 5. Nf3 {[%clk 00:49:58]} {[%emt 00:02:46]} Bg4 {[%clk 00:55:21]}
{[%emt 00:00:08]} 6. d3 {[%clk 00:42:59]} {[%emt 00:07:11]} e6 {[%clk
00:54:56]} {[%emt 00:00:34]} 7. Be2 {[%clk 00:41:07]} {[%emt 00:02:02]} Bb4+
{[%clk 00:54:44]} {[%emt 00:00:21]} 8. Nc3 {[%clk 00:39:49]} {[%emt 00:01:29]}
O-O {[%clk 00:54:33]} {[%emt 00:00:20]} 9. O-O {[%clk 00:35:35]} {[%emt
00:04:24]} h6 {[%clk 00:50:32]} {[%emt 00:04:11]} 10. Be3 {[%clk 00:26:08]}
{[%emt 00:09:38]} Qd7 {[%clk 00:46:18]} {[%emt 00:04:23]} 11. Qc2 {[%clk
00:23:41]} {[%emt 00:02:38]} Rfd8 {[%clk 00:45:45]} {[%emt 00:00:43]} 12. Rfd1
{[%clk 00:22:39]} {[%emt 00:01:11]} Rab8 {[%clk 00:43:20]} {[%emt 00:02:35]} 13.
h3 {[%clk 00:13:49]} {[%emt 00:09:01]} Bf5 {[%clk 00:43:00]} {[%emt 00:00:29]}
14. a3 {[%clk 00:11:55]} {[%emt 00:02:04]} Ba5 {[%clk 00:43:08]} {[%emt
00:00:02]} 15. b4 {[%clk 00:05:47]} {[%emt 00:06:19]} Bc7 {[%clk 00:42:50]}
{[%emt 00:00:27]} 16. b5 {[%clk 00:04:15]} {[%emt 00:01:43]} Ne7 {[%clk
00:41:06]} {[%emt 00:01:53]} 17. Bxa7 {[%clk 00:03:06]} {[%emt 00:01:20]} Ra8
{[%clk 00:39:30]} {[%emt 00:01:46]} 18. Be3 {[%clk 00:02:58]} {[%emt 00:00:18]}
Ng6 {[%clk 00:39:22]} {[%emt 00:00:18]} 19. Nd4 {[%clk 00:01:24]} {[%emt
00:01:44]} Ne7 {[%clk 00:38:24]} {[%emt 00:01:07]} 20. a4 {[%clk 00:01:11]}
{[%emt 00:00:24]} Be5 {[%clk 00:38:17]} {[%emt 00:00:15]} 21. Nxf5 {[%clk
00:01:03]} {[%emt 00:00:20]} Nxf5 {[%clk 00:38:22]} {[%emt 00:00:05]} 22. Ra3
{[%clk 00:00:37]} {[%emt 00:00:36]} Qd6 {[%clk 00:38:12]} {[%emt 00:00:19]} 23.
Ra2 {[%clk 00:00:37]} {[%emt 00:00:11]} Qb4 {[%clk 00:37:28]} {[%emt 00:00:54]}
24. Ne4 {[%clk 00:00:37]} {[%emt 00:00:09]} Rac8 {[%clk 00:31:18]} {[%emt
00:06:20]} 25. Nxf6+ {[%clk 00:00:40]} {[%emt 00:00:08]} Bxf6 {[%clk 00:31:21]}
{[%emt 00:00:06]} 26. a5 {[%clk 00:00:33]} {[%emt 00:00:18]} Nd4 {[%clk
00:31:19]} {[%emt 00:00:12]} 27. Bxd4 {[%clk 00:00:40]} {[%emt 00:00:03]} Bxd4
{[%clk 00:31:25]} {[%emt 00:00:04]} 28. a6 {[%clk 00:00:26]} {[%emt 00:00:24]}
bxa6 {[%clk 00:31:13]} {[%emt 00:00:22]} 29. bxa6 {[%clk 00:00:27]} {[%emt
00:00:09]} Ra8 {[%clk 00:31:06]} {[%emt 00:00:17]} 30. Qa4 {[%clk 00:00:26]}
{[%emt 00:00:11]} Qc5 {[%clk 00:30:57]} {[%emt 00:00:18]} 31. Bf3 {[%clk
00:00:29]} {[%emt 00:00:08]} Ra7 {[%clk 00:30:40]} {[%emt 00:00:27]} 32. Qb5
{[%clk 00:00:25]} {[%emt 00:00:14]} Qe7 {[%clk 00:28:54]} {[%emt 00:01:55]} 33.
Bb7 {[%clk 00:00:27]} {[%emt 00:00:09]} Rb8 {[%clk 00:26:55]} {[%emt 00:02:09]}
34. Rdd2 {[%clk 00:00:26]} {[%emt 00:00:11]} Qd6 {[%clk 00:25:28]} {[%emt
00:01:37]} 35. Rdc2 {[%clk 00:00:27]} {[%emt 00:00:10]} Bc5 {[%clk 00:24:47]}
{[%emt 00:00:50]} 36. Qc6 {[%clk 00:00:24]} {[%emt 00:00:13]} Qxc6 {[%clk
00:23:55]} {[%emt 00:01:02]} 37. Bxc6 {[%clk 00:00:31]} {[%emt 00:00:02]} Bd6
{[%clk 00:24:01]} {[%emt 00:00:04]} 38. g3 {[%clk 00:00:36]} {[%emt 00:00:06]}
Rb6 {[%clk 00:23:00]} {[%emt 00:01:11]} 39. Bb5 {[%clk 00:00:28]} {[%emt
00:00:19]} Bc5 {[%clk 00:22:38]} {[%emt 00:00:32]} 40. Kg2 {[%clk 00:00:25]}
{[%emt 00:00:12]} Kh7 {[%clk 00:22:30]} {[%emt 00:00:18]} 41. Kf3 {[%clk
00:00:24]} {[%emt 00:00:11]} Kg6 {[%clk 00:22:34]} {[%emt 00:00:06]} 42. g4
{[%clk 00:00:27]} {[%emt 00:00:07]} h5 {[%clk 00:21:55]} {[%emt 00:00:49]} 43.
gxh5+ {[%clk 00:00:27]} {[%emt 00:00:09]} Kxh5 {[%clk 00:21:57]} {[%emt
00:00:09]} 44. Ke4 {[%clk 00:00:26]} {[%emt 00:00:11]} Kg6 {[%clk 00:21:45]}
{[%emt 00:00:22]} 45. d4 {[%clk 00:00:32]} {[%emt 00:00:04]} Be7 {[%clk
00:21:12]} {[%emt 00:00:42]} 46. Rab2 {[%clk 00:00:34]} {[%emt 00:00:08]} f5+
{[%clk 00:20:34]} {[%emt 00:00:49]} 47. Ke3 {[%clk 00:00:32]} {[%emt 00:00:12]}
Bg5+ {[%emt 00:00:28]} 48. f4 {[%clk 00:00:37]} {[%emt 00:00:04]} Bd8 {[%clk
00:20:02]} {[%emt 00:00:25]} 49. c5 {[%clk 00:00:39]} {[%emt 00:00:08]} Rbxa6
{[%clk 00:19:38]} {[%emt 00:00:34]} 50. Bxa6 {[%clk 00:00:47]} {[%emt
00:00:02]} Rxa6 {[%clk 00:19:38]} {[%emt 00:00:10]} 51. Rb3 {[%clk 00:00:46]}
{[%emt 00:00:11]} Kf6 {[%clk 00:19:18]} {[%emt 00:00:31]} 52. c6 {[%clk
00:00:49]} {[%emt 00:00:07]} Ra7 {[%clk 00:18:33]} {[%emt 00:00:55]} 53. Rcc3
{[%clk 00:00:36]} {[%emt 00:00:22]} Rc7 {[%clk 00:18:15]} {[%emt 00:00:28]} 54.
Rb7 {[%clk 00:00:43]} {[%emt 00:00:02]} Rc8 {[%clk 00:17:57]} {[%emt 00:00:30]}
55. c7 {[%clk 00:00:39]} {[%emt 00:00:13]} Bxc7 {[%clk 00:17:37]} {[%emt
00:00:31]} 56. Rcxc7 {[%clk 00:00:46]} {[%emt 00:00:02]} Rf8 {[%clk 00:17:44]}
{[%emt 00:00:02]} 57. Rxg7 {[%clk 00:00:46]} {[%emt 00:00:11]} e5 {[%clk
00:17:51]} {[%emt 00:00:03]} 58. dxe5+ {[%clk 00:00:39]} {[%emt 00:00:17]} Ke6
{[%clk 00:17:55]} {[%emt 00:00:06]} 59. Rb6+ {[%clk 00:00:38]} {[%emt
00:00:11]} 1-0